| 000 | 00328nam a22001217a 4500 | ||
|---|---|---|---|
| 008 | 180129b xxu||||| |||| 00| 0 eng d | ||
| 041 | _aeng | ||
| 080 | _a61 | ||
| 100 | _a3 | ||
| 101 | _ashm | ||
| 245 |
_athe american medical association guide prescription and over the counter drugs _ccharles.b.c |
||
| 942 |
_2udc _cBK |
||
| 999 |
_c41130 _d41130 |
||